000 00653cab a2200229 4500
001 ABS57620
008 090401t1997 xxu||||| |||| 00| 0 eng d
035 _a(Sirsi) u80920
041 _aeng
245 _aBusiness much as usual as UK objects to landfill Directive
260 _c1997
350 _a0
490 _aENDS Report
_v(271) August 1997, 30-31(2)
520 _aDiscusses the draft EC Directive on landfills. The Government intends to oppose several key features.
650 _aEC DIRECTIVE
650 _aLANDFILL
650 _aWASTE DISPOSAL
650 _aWASTE MANAGEMENT
690 _aLAND
942 _n0
948 _c17/09/1997
999 _c50964
_d50964